01395cam a22003251 4500001001300000003000400013005001700017008004100034010001700075035001900092040004700111042001200158050002300170082001300193100002400206245003900230260004800269300004700317410004500364500004900409500004200458500017800500505020400678504002900882650003700911700003000948700004500978710002901023999001701052gs 67000158 DLC20260227111420.0760202s1967 dcuab b f000 0 eng c ags 67000158  a(OCoLC)1962746 aU.S. Geol. Survey Libr.cTxDaMdOCoLCdDLC apremarc00aQE75b.B9 no. 1215 a557.81631 aJohnson, William D.10aGeology of Shawnee County, Kansas. aWashington,bU.S. Govt. Print. Off.,c1967. aiii, 254 p.billus., maps (2 col.)c24 cm.20aGeological Survey (U.S.)tBulletinvl215 aPart of illustrative matter fold. in pocket. aIssued as separate chapters, A and B. a"Prepared in cooperation with the State Geological Survey of Kansas as a part of a U. S. Department of the Interior program for the development of the Missouri River Basin."0 aA. Geology of eastern Shawnee County, Kansas and vicinity, by W. D. Johnson, Jr. and W. L. Adkison.--B. Geology of western Shawnee County, Kansas and vicinity, by W. D. Johnson, Jr. and H. C. Wagner. aIncludes bibliographies. 0aGeologyzKansaszShawnee County.1 aAdkison, W. L.ejt. auth.1 aWagner, Holly Clyde,d1918-ejt. author.2 aKansas Geological Survey c30308d30308